<?xml version="1.0" encoding="UTF-8"?>
<collection xmlns="http://www.loc.gov/MARC21/slim">
 <record>
  <leader>00866cam a2200253 7i4500</leader>
  <controlfield tag="001">0000051304</controlfield>
  <controlfield tag="005">20200917090000.0</controlfield>
  <controlfield tag="008">130426s2008                        bm   </controlfield>
  <datafield tag="020" ind1=" " ind2=" ">
   <subfield code="a">9789673052424 (pbk.) </subfield>
  </datafield>
  <datafield tag="040" ind1=" " ind2=" ">
   <subfield code="a">TSAM</subfield>
  </datafield>
  <datafield tag="090" ind1="0" ind2="0">
   <subfield code="a">DS595 </subfield>
   <subfield code="b">HUB 2008</subfield>
  </datafield>
  <datafield tag="245" ind1="1" ind2="0">
   <subfield code="a">Hubungan etnik di Malaysia : </subfield>
   <subfield code="b">sejarah, iltizam &amp; cabaran baru  </subfield>
   <subfield code="c">Penyunting Mat Zin Mat Kib, Worran Hj. Kabul, S. Salahudin Suyurno.</subfield>
  </datafield>
  <datafield tag="264" ind1=" " ind2="1">
   <subfield code="a">Shah Alam, Selangor: </subfield>
   <subfield code="b">Pusat Penerbitan Universiti (UPENA), UiTM, </subfield>
   <subfield code="c">2008.</subfield>
  </datafield>
  <datafield tag="300" ind1=" " ind2=" ">
   <subfield code="a">x, 244 pages: </subfield>
   <subfield code="b">illustrations; </subfield>
   <subfield code="c">25 cm.</subfield>
  </datafield>
  <datafield tag="336" ind1=" " ind2=" ">
   <subfield code="a">text</subfield>
   <subfield code="2">rdacontent</subfield>
  </datafield>
  <datafield tag="337" ind1=" " ind2=" ">
   <subfield code="a">unmediated</subfield>
   <subfield code="2">rdamedia</subfield>
  </datafield>
  <datafield tag="338" ind1=" " ind2=" ">
   <subfield code="a">volume</subfield>
   <subfield code="2">rdacarrier</subfield>
  </datafield>
  <datafield tag="501" ind1="0" ind2="0">
   <subfield code="a">MPU</subfield>
  </datafield>
  <datafield tag="650" ind1="1" ind2="0">
   <subfield code="a">Ethnic relations </subfield>
  </datafield>
  <datafield tag="650" ind1="1" ind2="0">
   <subfield code="a">Malaysia -- </subfield>
   <subfield code="x">Ethnic relations </subfield>
  </datafield>
  <datafield tag="700" ind1="1" ind2=" ">
   <subfield code="a">Mat Zin Mat Kib </subfield>
  </datafield>
  <datafield tag="700" ind1="1" ind2=" ">
   <subfield code="a">Worran Kabul </subfield>
  </datafield>
  <datafield tag="700" ind1="1" ind2=" ">
   <subfield code="a">S. Salahudin Suyurno </subfield>
  </datafield>
  <datafield tag="901" ind1=" " ind2=" ">
   <subfield code="u">http://www.uitm.edu.my</subfield>
  </datafield>
 </record>
</collection>
